Les 20 villes les plus sûrs au monde - Statistiques

Statistiques générales
  • Ce quiz a été pris 130 fois
  • Le résultat moyen est 8 sur 20
Statistiques - réponses
Top Ville % Correct
1 Tokyo
73%
4 Stockholm
57%
20 Séoul
55%
11 Helsinki
52%
10 Copenhague
51%
13 Berlin
47%
5 Amsterdam
44%
2 Singapour
44%
6 Sydney
44%
12 Madrid
40%
18 Londres
39%
15 Vienne
37%
8 Zurich
37%
3 Osaka
33%
7 Toronto
31%
9 Melbourne
29%
17 Munich
24%
14 Hong Kong
23%
16 Auckland
18%
19 Francfort
12%
Aucun quiz correspondant
Distribution des résultats
% des personnes avec chaque résultat
Percentile par nombre de réponses
Votre historique - résultats
Vous n’avez pas pris ce quiz